| 000 | 00948nam a2200253 a 4500 | ||
|---|---|---|---|
| 001 | 50375 | ||
| 003 | BD-RjUL | ||
| 005 | 20211209075511.0 | ||
| 008 | 160824s1916 maua b 001 0 eng | ||
| 035 | _a(BD-RjUL)50495 | ||
| 040 |
_aDLC _cWSU _dXBM _dPIT _dOCL _dLEC _dBD-RjUL _beng |
||
| 041 | _aeng | ||
| 082 |
_223 _a150 _bTEM 1916 |
||
| 100 | 1 |
_aTerman, Lewis M. _q(Lewis Madison), _d1877-1956. _9150959 |
|
| 245 | 1 | 4 |
_aThe measurement of intelligence : _ban explanation of and a complete guide for the use of the Stanford revision and extension of the Binet-Simon intelligence scale / _cby Lewis M. Terman. |
| 260 |
_aBoston : _bHoughton Mifflin Company, _cc1916. |
||
| 300 |
_axviii, 362 p. : _bill. ; _c20 cm. |
||
| 490 | 0 | _aRiverside textbooks in education | |
| 500 | _aIncludes index. | ||
| 650 | 0 |
_aIntelligence tests. _9132887 |
|
| 650 | 0 |
_aBinet-Simon Test. _9150960 |
|
| 830 |
_aRiverside textbooks in education _9153908 |
||
| 942 |
_2ddc _cBK |
||
| 999 |
_c50375 _d50375 |
||